Normal view MARC view

Entry Meeting Name

Number of records used in: 1

001 - CONTROL NUMBER

  • control field: 24761

003 - CONTROL NUMBER IDENTIFIER

  • control field: OSt

005 - DATE AND TIME OF LATEST TRANSACTION

  • control field: 20211105134909.0

008 - FIXED-LENGTH DATA ELEMENTS

  • fixed length control field: 211105|| aca||aabn | a|a d

040 ## - CATALOGING SOURCE

  • Original cataloging agency: OSt
  • Transcribing agency: OSt

111 ## - HEADING--MEETING NAME

  • Meeting name or jurisdiction name as entry element: Guillermo Haro Conference on Astrophysics
  • Number of part/section/meeting: 3rd
  • Location of meeting: Puebla, Mexico
  • Date of meeting or treaty signing: 1999 Nov. 15-19

670 ## - SOURCE DATA FOUND

  • Source citation: Work cat.: (OSt): Astronomical Society of the Pacific 1154, Cosmic evolution and galaxy formation, 2000

Powered by Koha